Statistiques concernant Allemands célèbres - Quiz d'images

Cliquez ici pour prendre le quiz!

Statistiques générales

  • Ce quiz a été pris 106 fois
  • Le résultat moyen est 7 sur 12

Statistiques - réponses

Answer % Correct
Angela Merkel
98%
Karl Lagerfeld
83%
Michael Schumacher
72%
Martin Luther
67%
Claudia Schiffer
63%
Steffi Graf
50%
Diane Kruger
49%
Boris Becker
49%
Franz Beckenbauer
42%
Sebastian Vettel
36%
Heidi Klum
35%
Werner Herzog
10%

Distribution des résultats

Percentile par nombre de réponses

% des personnes avec chaque résultat

Votre développement - résultats

Vous n’avez pas pris ce quiz